Primer of Geriatric Urology

The field of geriatric urology continues to evolve and expand since the publication of the first edition of this book. The second edition of this book builds upon the previous addition and provides an introductory overview of the demographics of our aging population and their unique needs. It also p...

Full description

Bibliographic Details
Corporate Author: SpringerLink (Online service)
Other Authors: Guzzo, Thomas J. (Editor), Drach, George W. (Editor), Wein, Alan J. (Editor)
Format: Electronic eBook
Language:English
Published: New York, NY : Springer New York : Imprint: Springer, 2016.
Edition:2nd ed. 2016.
Subjects:
Online Access:Full Text via HEAL-Link
LEADER 03055nam a22005055i 4500
001 978-1-4939-4928-1
003 DE-He213
005 20160729143828.0
007 cr nn 008mamaa
008 160729s2016 xxu| s |||| 0|eng d
020 |a 9781493949281  |9 978-1-4939-4928-1 
024 7 |a 10.1007/978-1-4939-4928-1  |2 doi 
040 |d GrThAP 
050 4 |a RC870-923.2 
050 4 |a RC875-899.5 
072 7 |a MJS  |2 bicssc 
072 7 |a MED088000  |2 bisacsh 
082 0 4 |a 616.6  |2 23 
245 1 0 |a Primer of Geriatric Urology  |h [electronic resource] /  |c edited by Thomas J. Guzzo, George W. Drach, Alan J. Wein. 
250 |a 2nd ed. 2016. 
264 1 |a New York, NY :  |b Springer New York :  |b Imprint: Springer,  |c 2016. 
300 |a X, 237 p. 32 illus., 17 illus. in color.  |b online resource. 
336 |a text  |b txt  |2 rdacontent 
337 |a computer  |b c  |2 rdamedia 
338 |a online resource  |b cr  |2 rdacarrier 
347 |a text file  |b PDF  |2 rda 
505 0 |a Introduction: Aging -- Approach to the Elderly Patient -- Urologic Office Procedures -- Medication Issues -- Perioperative Care of the Geriatric Urology Patient -- Complications Particular to the Elderly -- Urologic Oncology -- Use of Adjunctive Services -- Urology in the Nursing Home -- Lower Urinary Tracy Symptoms -- Behavioral Intervention for Lower Urinary Tract Symptoms in Older Adults -- Geriatric Sexuality. 
520 |a The field of geriatric urology continues to evolve and expand since the publication of the first edition of this book. The second edition of this book builds upon the previous addition and provides an introductory overview of the demographics of our aging population and their unique needs. It also provides an in depth review of urologic conditions and their treatment in the elderly patient population. The second edition also includes new and updated information with regard to management of the geriatric urology patient. Chapters were written by members of the faculty of the University of Pennsylvania. Each faculty member included has specific areas of expertise related to their topics. Primer of Geriatric Urology, Second Edition will be of interest to urologists, residents, fellows and allied health professionals including physician’s assistants and nurse practitioners who treat urologic patients. Additionally, this book will also be of interest to primary care providers treating elderly patients. 
650 0 |a Medicine. 
650 0 |a Geriatrics. 
650 0 |a Primary care (Medicine). 
650 0 |a Urology. 
650 1 4 |a Medicine & Public Health. 
650 2 4 |a Urology. 
650 2 4 |a Geriatrics/Gerontology. 
650 2 4 |a Primary Care Medicine. 
700 1 |a Guzzo, Thomas J.  |e editor. 
700 1 |a Drach, George W.  |e editor. 
700 1 |a Wein, Alan J.  |e editor. 
710 2 |a SpringerLink (Online service) 
773 0 |t Springer eBooks 
776 0 8 |i Printed edition:  |z 9781493949267 
856 4 0 |u http://dx.doi.org/10.1007/978-1-4939-4928-1  |z Full Text via HEAL-Link 
912 |a ZDB-2-SME 
950 |a Medicine (Springer-11650)